00628nam a2200169 a 450000100100000000500170001000800410002704000250006808200160009310000390010924500410014826000350018930000210022404900090024595201870025499900170044100003474920200930073859.0111019s1970 xxu 000 0 spa d aDO-SdBNPbspacBNPHU axxxxbT867j1 aTrumbo, Dalton,d1905 -197696022910aJohnny got his gun /cDalton Trumbo. aLondon :bBantam Books,c1970. a243 p. ;c18 cm. aBNGR 001050718MOaPDbPDcCTd2011-10-19iLF1l0oxxxx T867jp34749-10r2020-06-25w2020-06-25y1zPerteneció a la biblioteca personal de Juan Isidro Jimenes GrullónZNo se presta c34240d34240